Принцип интерсубъективности и значение верификации знания в неопозитивизме; Философия науки; № 2 (61)

Bibliographische Detailangaben
Parent link:Философия науки.— , 1995-
№ 2 (61).— 2014.— [С. 3-13]
1. Verfasser: Гончаренко М. В. Марк Васильевич
Körperschaft: Национальный исследовательский Томский политехнический университет (ТПУ) Институт социально-гуманитарных технологий (ИСГТ) Кафедра социологии, психологии и права (СОЦ)
Zusammenfassung:Заглавие с экрана
Рассматривается проблема соотношения принципов интерсубъективности и верификации. Предполагается, что метафизика субъекта познания не только предопределяет известную бинарную оппозицию «субъект - объект», но и скоррелирована в рамках определенного аспекта видения некоторым единством возможных отношений и следствий. Условие согласованности как следование правилу, как один из онтогносеологических принципов метафизики субъекта − это условие, фактически определяющее возможность эмерджентности.
The paper considers the problem of correlation between the principle of intersubjectivity and that of verification. We suppose that metaphysics of the subject of knowledge not only determines the well-known binary subject-object opposition, but also is correlated within a certain aspect of vision by a unity of possible relations and consequences. The condition of concordance as following the rule and one of ontological and epistemological principles of subject metaphysics actually determines the possibility of emergentness.
Режим доступа: по договору с организацией-держателем ресурса
Sprache:Russisch
Veröffentlicht: 2014
Schlagworte:
Online-Zugang:http://elibrary.ru/item.asp?id=21949157
http://www.sibran.ru/journals/issue.php?ID=161002&ARTICLE_ID=161003
Format: MixedMaterials Elektronisch Buchkapitel
KOHA link:https://koha.lib.tpu.ru/cgi-bin/koha/opac-detail.pl?biblionumber=640980

MARC

LEADER 00000naa0a2200000 4500
001 640980
005 20250313094551.0
035 |a (RuTPU)RU\TPU\network\5858 
035 |a RU\TPU\network\5854 
090 |a 640980 
100 |a 20150506d2014 k||y0rusy50 ca 
101 0 |a rus 
102 |a RU 
135 |a drcn ---uucaa 
181 0 |a i  
182 0 |a b 
200 1 |a Принцип интерсубъективности и значение верификации знания в неопозитивизме  |d The principle of intersubjectivity and the importance of knowledge verification in neo-positivism  |f М. В. Гончаренко 
203 |a Текст  |c электронный 
300 |a Заглавие с экрана 
330 |a Рассматривается проблема соотношения принципов интерсубъективности и верификации. Предполагается, что метафизика субъекта познания не только предопределяет известную бинарную оппозицию «субъект - объект», но и скоррелирована в рамках определенного аспекта видения некоторым единством возможных отношений и следствий. Условие согласованности как следование правилу, как один из онтогносеологических принципов метафизики субъекта − это условие, фактически определяющее возможность эмерджентности. 
330 |a The paper considers the problem of correlation between the principle of intersubjectivity and that of verification. We suppose that metaphysics of the subject of knowledge not only determines the well-known binary subject-object opposition, but also is correlated within a certain aspect of vision by a unity of possible relations and consequences. The condition of concordance as following the rule and one of ontological and epistemological principles of subject metaphysics actually determines the possibility of emergentness. 
333 |a Режим доступа: по договору с организацией-держателем ресурса 
461 |t Философия науки  |d 1995- 
463 |t № 2 (61)  |v [С. 3-13]  |d 2014 
510 1 |a The principle of intersubjectivity and the importance of knowledge verification in neo-positivism  |z eng 
610 1 |a электронный ресурс 
610 1 |a труды учёных ТПУ 
610 1 |a интерсубъективность 
610 1 |a верификация 
610 1 |a неопозитивизм 
610 1 |a метафизика 
610 1 |a субъекты 
700 1 |a Гончаренко  |b М. В.  |c специалист в области психологии и педагогики  |c профессор Томского политехнического университета, доктор философских наук  |f 1973-  |g Марк Васильевич  |3 (RuTPU)RU\TPU\pers\31768  |9 15879 
712 0 2 |a Национальный исследовательский Томский политехнический университет (ТПУ)  |b Институт социально-гуманитарных технологий (ИСГТ)  |b Кафедра социологии, психологии и права (СОЦ)  |3 (RuTPU)RU\TPU\col\18373 
801 2 |a RU  |b 63413507  |c 20150518  |g RCR 
856 4 |u http://elibrary.ru/item.asp?id=21949157 
856 4 0 |u http://www.sibran.ru/journals/issue.php?ID=161002&ARTICLE_ID=161003 
942 |c CF